000
00250nam a2200097Ia 4500
001
653905
005
20250826154507.0
008
250824s9999 xx 000 0 und d
245
0
_a
BİLGE PADİŞAH
_c
MEHMET AKİF ORDULU
260
_b
GENÇ HAYAT YAYINLARI
999
_c
653905
_d
653905